01388cam a2200337 a 4500999001900000001000900019003000500028005001700033008004100050010001700091020001800108020001500126035002300141035002000164040004400184050002300228082001800251100004200269245008000311260006100391300003500452500000800487504006400495505017500559650002200734700003500756856008300791906004500874942002300919952010800942 c329355d32935514735083Nust20170503164159.0070215s2009 maua b 001 0 eng  a 2007006805 a9780763750206 a0763750204 a(OCoLC)ocm87525440 a(OCoLC)87525440 aDLCcDLCdBAKERdBTCTAdYDXCPdC#PdDLC00aQA184.2b.C54 200900a512.5 GHE2221 aCheney, E. W.q(Elliott Ward),d1929-10aLinear algebra :btheory and applications /cWard Cheney and David Kincaid. aSudbury, Mass. :bJones and Bartlett Publishers,cc2009. axvii, 740 p. :bill. ;c24 cm. aH.B aIncludes bibliographical references (p. 726-728) and index.0 aSystems of linear equations -- Vector spaces -- Matrix operations -- Determinants -- Vector subspaces -- Eigensystems -- Inner-product vector spaces -- Additional topics. 0aAlgebras, Linear.1 aKincaid, Davidq(David Ronald)413Table of contents onlyuhttp://www.loc.gov/catdir/toc/ecip0711/2007006805.html a7bcbccorignewd1eecipf20gy-gencatlg 2ddccBKk512.5 GHE 00102ddc40708NFICaIESEbIESEcGENd2017-05-03l0o512.5 GHEpIESE-2995r2017-05-03w2017-05-03yBK